Most supported clubs in europe - Statistics

General Stats
  • This quiz has been taken 40 times
    33 since last reset
  • The average score is 20 of 35
Answer Stats
Hint Answer % Correct
Spain Barcelona
91%
England Manchester United
87%
Italy AC Milan
83%
Netherlands Ajax
83%
Belgium Anderlecht
83%
Germany Bayern Munich
83%
Scotland Celtic
83%
France Paris Saint Germain
83%
Cyprus APOEL
78%
Portugal Benfica
78%
Croatia Dinamo Zagreb
78%
Switzerland FC Basel
78%
Czech Republic Sparta praha
78%
Turkey Galatasaray
74%
Russia Zenit St.Petersburg
74%
Serbia Red Star Belgrade
70%
Poland Legia Warszawa
65%
Bulgaria Levski Sofia
61%
Norway Rosenborg
57%
Romania Steaua Bucharest
57%
Ukraine Dinamo Kiev
52%
Greece Olympiacos
52%
Sweden AIK
43%
Finland Helsingin Jalkapalloklubi
43%
Ireland Cork City
39%
Hungary Ferencvarosi
39%
Isreal Hapoel Tel Aviv
39%
Austria Rapid Wien
39%
Denmark FC kobenhaven
35%
Northern Ireland Derry City
30%
Slovenia NK Maribor
30%
Estonia Flora
22%
Wales(Not including teams in English divisions) Bangor City
13%
Iceland FH
13%
Bosnia Zeljeznicar
9%
No matching quizzes found
Score Distribution
Percent of People with Each Score
Percentile by Number Answered
Your Score History
You have not taken this quiz since the last reset